000
00316 a2200133 4500
040
_a
DLC
_b
DLC
082
_a
891.4391
100
_a
Saud Usmani
245
_a
Qous
_c
Saud Usmani
260
_a
Lahore:
_b
Kutub Numa,
_c
1997.
300
_a
168 p. ;
_c
23 cm
650
_a
Urdu Adab--Poetry.
942
_c
BK
_k
891.4391 SAU
_2
ddc
999
_c
5212
_d
5212